000 00774nam a2200241Ia 4500
001 16049
003 GE_BSU
008 181216s||||||||xx |||||||||||||| ||und||
040 _cGE_BSU
080 _a821.353.1-31
100 _aჯაფარიძე, რევაზ
245 _aჯარისკაცის ქვრივი
245 _bრომანი
245 _cრედ.ე.ახვლედიანი. მხ.დ.ზარაფიშვილი
260 _aთბილისი
260 _bნაკადული
260 _c1968
300 _a730გვ. ; 20სმ
300 _eეპილოგი გვ.729-730
653 _aრომანი
653 _aჯარისკაცის ქვრივი
942 _cBK
999 _c49139
_d49139